000 00755nam a2200205Ia 4500
999 _c14407
_d14407
082 _aRR 016.3053 GEN-
245 0 _aGender and migration: a bibliography
260 _aNew Delhi
_bCentre for Women's Development Studies
_c2012
300 _a100
440 _aCWDS library resources series, X
500 _aprepared on the occasion of national colloquium on gender and migration organised by Centre for Women's Development Studies, 6th March, 2012, New Delhi.
504 _aincludes index
650 _aSex
_vBibliography
_vMethodology
650 _aMigration
_vBibliography
_vMethodology
650 _aBibliography
700 _a Vyas, Anju
700 _aUsmani, Meena
710 _aCentre for Women's Development Studies, New Delhi
942 _cBK